000 00519nam a2200181Ia 4500
999 _c35092
_d35092
003 OSt
005 20201218112329.0
008 190216s9999||||xx |||||||||||||| ||und||
040 _coclc
082 _a421.52
_bJON/E
100 _aJones, Daniel
_96646
245 0 _aEnglish Pronouncing Dictionary /
_cDaniel Jones
250 _a12th Ed.
260 _bThe English Language Books,
_aLondon:
300 _a538p
650 _aEnglish Dictionary
942 _cREF
_2ddc
_h421.52
_iJON/E
_k421.52
_mJON/E